Library Banner

Fatah = فتح : (Record no. 108515)

MARC details
000 -LEADER
fixed length control field 00521nam a22001457a 4500
005 - DATE AND TIME OF LATEST TRANSACTION
control field 20181023111651.0
008 - FIXED-LENGTH DATA ELEMENTS--GENERAL INFORMATION
fixed length control field 181023b ||||| |||| 00| 0 eng d
040 ## - CATALOGING SOURCE
Transcribing agency PK-LaUMT
082 ## - DEWEY DECIMAL CLASSIFICATION NUMBER
Classification number 158
Item number TRE-F
100 ## - MAIN ENTRY--PERSONAL NAME
Personal name Tressy, Brain = ٹریسی، برائن
245 ## - TITLE STATEMENT
Title Fatah = فتح :
Remainder of title کامیاب زندگی کے لیے جنگی حکمت عملی اپنائیں /
Statement of responsibility, etc Brain Tressy; translated by Malik Ashfaq = ملک اشفاق مترجم
260 ## - PUBLICATION, DISTRIBUTION, ETC. (IMPRINT)
Place of publication, distribution, etc Lahore :
Name of publisher, distributor, etc Book Home,
Date of publication, distribution, etc 2018
300 ## - PHYSICAL DESCRIPTION
Extent 208 p.
942 ## - ADDED ENTRY ELEMENTS (KOHA)
Koha item type Books
Holdings
Withdrawn status Lost status Damaged status Home library Current library Date acquired Full call number Barcode Date last seen Price effective from Koha item type
      UMT Main Campus UMT Main Campus 2018-10-23 158 TRE-F 124696 2018-10-23 2018-10-23 Books